Bulgarian Emigration - a Closer Look

Uložené v:
Podrobná bibliografia
Hlavný autor: Bagatelas, William T.
Ďalší autori: Kubicová, Jana, 1961-
Médium: Kapitola
Jazyk:English
Tagy: Pridať tag
Žiadne tagy, Buďte prvý, kto otaguje tento záznam!

MARC

LEADER 00000naa$a2200000$$$4500
001 0062004
005 20240502071710.8
041 0 |a eng 
044 |a SK 
245 1 0 |a Bulgarian Emigration - a Closer Look  |c William T. Bagatelas, Jana Kubicová 
100 1 |a Bagatelas, William T. 
700 1 |a Kubicová, Jana, 1961-